000 00604nam a2200229Ia 4500
003 OSt
005 20220928101706.0
006 a|||||r|||| 00| 0
007 ta
008 220927b |||||||| |||| 00| 0 eng d
024 _a52536
037 _cTextual
040 _aSDCL
_cSDCL
_beng
041 _2eng
_aeng
082 _aO152,3N112,6, M6
100 _aJain Rishabhcharan
_9393748
245 0 _aHer highness .
260 _aNew Delhi
_bRishbhacharan
_c1986
300 _a111p.
_ccm.
942 _hO152,3N112,6, M6
_cTEXL
_2CC
999 _c709326
_d709326